Objective-C for iPhone Developers, : (Record no. 36435)

MARC details
000 -LEADER
fixed length control field 00501nam a22001697a 4500
005 - DATE AND TIME OF LATEST TRANSACTION
control field 20240821130857.0
008 - FIXED-LENGTH DATA ELEMENTS--GENERAL INFORMATION
fixed length control field 240821b |||||||| |||| 00| 0 eng d
020 ## - INTERNATIONAL STANDARD BOOK NUMBER
ISBN 9780071703284
082 ## - DEWEY DECIMAL CLASSIFICATION NUMBER
Classification number 005.177
Item number BRA-O
100 ## - MAIN ENTRY--AUTHOR
Author Name Brannan, James A.
245 ## - TITLE STATEMENT
Title Objective-C for iPhone Developers, :
Remainder of title A Beginner's Guide /
Statement of responsibility, etc. James A.Brannan
260 ## - PUBLICATION, DISTRIBUTION, ETC.
Place of Publication India:
Name of publisher, distributor, etc. McGraw-hill;
Date of publication, distribution, etc. 2010.
300 ## - PHYSICAL DESCRIPTION
Pages xiv, 365 p. :
500 ## - GENERAL NOTE
General note include index.
650 ## - SUBJECT ADDED ENTRY--TOPICAL TERM
Subject / Department Mobile application
300 ## - PHYSICAL DESCRIPTION
-- ill;
-- 24 cm.
952 ## - LOCATION AND ITEM INFORMATION (KOHA)
-- 0
-- 0
952 ## - LOCATION AND ITEM INFORMATION (KOHA)
-- 0
-- 0
952 ## - LOCATION AND ITEM INFORMATION (KOHA)
-- 0
-- 0
952 ## - LOCATION AND ITEM INFORMATION (KOHA)
-- 0
-- 0
952 ## - LOCATION AND ITEM INFORMATION (KOHA)
-- 0
-- 0
Holdings
Lost status Damaged status Collection code Permanent Location Current Location Shelving Location Date acquired Full Call Number Accession No./Barcode Date last seen Copy number item type Koha item type
    CS/IT Superior Information Resource Center (SIRC) Superior University- Gold Campus Superior Information Resource Center (SIRC) Superior University- Gold Campus Mobile Application 08/21/2024 005.177 BRA-O 2010 17209 08/21/2024 1 BOOK BOOK
    CS/IT Superior Information Resource Center (SIRC) Superior University- Gold Campus Superior Information Resource Center (SIRC) Superior University- Gold Campus Mobile Application 08/21/2024 005.177 BRA-O 2010 17210 08/21/2024 2 BOOK BOOK
    CS/IT Superior Information Resource Center (SIRC) Superior University- Gold Campus Superior Information Resource Center (SIRC) Superior University- Gold Campus Mobile Application 08/21/2024 005.177 BRA-O 2010 17211 08/21/2024 3 BOOK BOOK
    CS/IT Superior Information Resource Center (SIRC) Superior University- Gold Campus Superior Information Resource Center (SIRC) Superior University- Gold Campus Mobile Application 08/21/2024 005.177 BRA-O 2010 17208 08/21/2024 4 BOOK BOOK
    CS/IT Superior Information Resource Center (SIRC) Superior University- Gold Campus Superior Information Resource Center (SIRC) Superior University- Gold Campus Mobile Application 08/21/2024 005.177 BRA-O 2010 17207 08/21/2024 5 BOOK BOOK

Powered by Koha